| 000 | 00852nam a2200253 i 4500 | ||
|---|---|---|---|
| 001 | 54711 | ||
| 003 | ES-MaACL | ||
| 005 | 20251005063044.0 | ||
| 007 | t| | ||
| 008 | 960725s1952 sp |||| | spa d | ||
| 100 | 1 |
_aFustel de Coulanges, Numa Denis, _d1830-1889 _9172284 |
|
| 245 | 1 | 3 |
_aLa ciudad antigua / _cNuma Dionisio Fustel de Coulanges ; traducción del francés por Carlos A. Martín. |
| 260 |
_aBarcelona : _bIberia, _c[1952] |
||
| 300 |
_a545 p. ; _c19 cm. |
||
| 490 | 1 | _aObras maestras | |
| 650 | 4 |
_aCiudades antiguas. _9160332 |
|
| 650 | 1 | 4 |
_aCivilización clásica. _9139535 |
| 651 | 4 |
_aGrecia- _xSituación social- _yHasta S.V. _9167778 |
|
| 651 | 4 |
_aRoma- _xSituación social. _9167841 |
|
| 700 | 1 |
_aMartín, Carlos A. _977273 |
|
| 830 | 1 |
_aObras maestras _9181001 |
|
| 852 |
_aES-MaACL _jD-7905 |
||
| 999 |
_c54711 _d54711 |
||